عرض عادي
عرض مارك
- Vertebrates
مدخل مصطلح موضوعي
001 - رقم الضبط
- حقل الضبط: 18368
003 - معرف رقم الضبط
- حقل الضبط: OSt
005 - تاريخ ووقت أخر عملية
- حقل الضبط: 20121224183908.0
008 - عناصر بيانات ثابتة الطول
- حقل تحكم ثابت الطول: 121224|||a|||||| | ||| d
040 ## - مصدر الفهرسة
- هيئة الفهرسة الأصلية: OSt
- وكالة الكتابة: OSt
150 ## - مدخل-- مصطلح تاريخي
- عنصر مدخل المصطلح الموضوعي او الاسم الجغرافي: Vertebrates
- تفريع عام: Respiratory organs.
670 ## - بيانات المصدر موجوده
- الاستشهاد بالمصدر: Work cat.: (OSt)0: Respiratory physiology of vertebrates :, 2010.
